000 00777nam a2200229 4500
001 72206
003 BD-RjUL
005 20211209082226.0
008 170515s1969 njua b 001 0 eng d
035 _a(BD-RjUL)72422
040 _aDLC/ICU
_cCGU
_dUKM
_dEQO
_dBD-RjUL
_beng
041 _aeng
082 0 _a547
_223
_bBRU 1969
100 1 _aBrewster, Ray Q.
_q(Ray Quincy),
_d1892-
_9213538
245 1 0 _aUnitized experiments in organic chemistry /
_cby Ray Q. Brewster, Calvin A. Vanderwerf and William E. McEwen.
250 _a2d ed.
260 _aPrinceton, N.J. :
_bVan Nostrand,
_c1969
300 _axvi, 271 p. :
_bill. ;
_c28 cm.
504 _aIncludes bibliographical references and Indexes
650 0 _aChemistry, Organic
_vLaboratory manuals.
_9208374
942 _2ddc
_cBK
999 _c72206
_d72206